| 000 -ლიდერი |
| ფიქსირებული სიგრძის საკონტროლო ველი |
01105nam a22002177a 4500 |
| 003 - საკონტროლო ნომრის იდენტიფიკატორი |
| საკონტროლო ველი |
Ge_BSU |
| 005 - ბოლო ოპერაციის თარიღი და დრო |
| საკონტროლო ველი |
20200819134132.0 |
| 008 - ფიქსირებული სიგრძის მონაცემთა ელემენტები - ზოგადი ინფორმაცია |
| ფიქსირებული სიგრძის საკონტროლო ველი |
200819s2018 ge ||||| |||| 00| 0 geo d |
| 020 ## - წიგნის საერთაშორისო სტანდარტული ნომერი |
| International Standard Book Number |
9789941960758 |
| 041 ## - ენის კოდი |
| Language code of text/sound track or separate title |
geo |
| 080 ## - უნივერსალური ათობითი კლასიფიკაციის ინდექსი |
| Universal Decimal Classification number |
347.7 ა-45 |
| 100 ## - მთავარი ჩანაწერი - პიროვნების სახელი |
| Personal name |
ალანია , გიმზერ |
| 9 (RLIN) |
9260 |
| 245 ## - ცნობა სათაურის შესახებ |
| Title |
ბიზნესის სფეროში ჩადენილი თაღლითობის გამოძიების მეთოდიკა : |
| Statement of responsibility, etc |
გიმზერ ალანია; რედ, შ. ფაფიაშვილი. |
| 264 ## - წარმოების, გამოცემის, დისტრიბუციის და სხვა ცნობები |
| გამოცემის, წარმოების, დისტრიბუციის... ადგილი |
თბილისი : |
| გამოცემის, წარმოების, დისტრიბუციის... სახელწოდება |
იურისტის სამყარო, |
| გამოცემის, წარმოების, დისტრიბუციის... თარიღი |
2018. |
| 300 ## - ფიზიკური აღწერა |
| Extent |
248 გვ., |
| Other physical details |
21 სმ. |
| 504 ## - BIBLIOGRAPHY, ETC. NOTE |
| Bibliography, etc |
ბიბლიოგრ. გვ.239-248 |
| 653 ## - INDEX TERM--UNCONTROLLED |
| Uncontrolled term |
დანაშაული საზოგადოებრივი რწმენის, მორალისა და ოჯახის წინააღმდეგ |
| 653 ## - INDEX TERM--UNCONTROLLED |
| Uncontrolled term |
სამართალი |
| 700 ## - ADDED ENTRY--PERSONAL NAME |
| Personal name |
ფაფიაშილი, შ. |
| Relator term |
რედაქტორი |
| 9 (RLIN) |
9261 |
| 942 ## - ADDED ENTRY ELEMENTS (KOHA) |
| Source of classification or shelving scheme |
|
| Koha item type |
წიგნი |